[Event "17th Asian Cities"]
[Site "Jakarta INA"]
[Date "2011.04.27"]
[Round "8.10"]
[White "Lee, Sanghoon"]
[Black "Shrestha, Bilam Lal"]
[Result "0-1"]
[WhiteTitle "CM"]
[BlackTitle "FM"]
[WhiteElo "2132"]
[BlackElo "2129"]
[WhiteTeam "Seoul"]
[BlackTeam "Kathmandu"]
[WhiteFideId "13200011"]
[BlackFideId "12300047"]
[EventDate "2011.04.22"]

1. c4 Nf6 2. Nc3 c5 3. Nf3 Nc6 4. d4 cxd4 5. Nxd4 g6 6. e4 d6 7. Be2 Bg7 8. Be3
O-O 9. O-O Bd7 10. Qd2 Ng4 11. Bxg4 Bxg4 12. Rac1 Be6 13. b3 Rc8 14. f4 Qd7 15.
Kh1 f5 16. exf5 Bxf5 17. Rce1 Rce8 18. Bg1 Rf7 19. Nd5 h5 20. Nf3 Bh6 21. Qc3
Ref8 22. Nh4 Kh7 23. Qg3 e6 24. Ne3 Rg8 25. Nhxf5 exf5 26. Nd5 Bg7 27. Qe3 Nd4
28. Qd2 Nc6 29. Qe2 Rb8 30. Rf3 b5 31. cxb5 Nd4 32. Bxd4 Bxd4 33. a4 Rc8 34. Rd3
Bg7 35. Re3 Rc5 36. Qd3 Qb7 37. Rd1 Qc8 38. Ne7 Qc7 39. Nc6 a6 40. Re6 axb5 41.
axb5 Rc3 42. Qd5 Rc5 43. Qf3 Rxb5 44. Rdxd6 Rc5 45. h3 Qb6 46. Nd4 Rc1+ 47. Kh2
Qxd4 48. Rxd4 Bxd4 49. Rc6 Re1 50. g4 Rfe7 51. Rc2 fxg4 52. hxg4 h4 53. f5 g5
54. f6 Be5+ 55. Kg2 Rf7 56. Qf2 h3+ 57. Kxh3 Rh1+ 58. Kg2 Rh2+ 59. Kg1 Rxf2 60.
Kxf2 Rxf6+ 61. Ke3 Rb6 62. Ke4 Bf4 63. Rc3 Kg6 64. Kd5 Rd6+ 65. Kc5 Kf6 66. Rh3
Ke5 67. b4 Ke4 68. b5 Rd3 69. Rxd3 Kxd3 70. Kd5 Ke3 71. Ke6 Ke4 72. b6 Bb8 0-1

[Event "17th Asian Cities"]
[Site "Jakarta INA"]
[Date "2011.04.27"]
[Round "8.10"]
[White "Song, Jinwoo"]
[Black "Tandukar, Naveen"]
[Result "1/2-1/2"]
[WhiteTitle "FM"]
[WhiteElo "1987"]
[BlackElo "1978"]
[WhiteTeam "Seoul"]
[BlackTeam "Kathmandu"]
[WhiteFideId "413003"]
[BlackFideId "5021189"]
[EventDate "2011.04.22"]

1. e4 c5 2. Nf3 e6 3. Be2 Qc7 4. O-O d6 5. Re1 Nf6 6. Bb5+ Nfd7 7. c3 a6 8.
Bxd7+ Nxd7 9. d4 Be7 10. a4 b6 11. d5 e5 12. c4 Rb8 13. Nc3 h6 14. Qd3 Nf8 15.
h3 Bd7 16. Nh2 Ng6 17. b3 O-O 18. Qe2 Rfe8 19. Ng4 Bf8 20. Bd2 Qd8 21. Reb1 Kh7
22. b4 Qe7 23. a5 cxb4 24. Rxb4 bxa5 25. Rxb8 Rxb8 26. Rxa5 Bc8 27. Qd1 Qc7 28.
Ra4 Be7 29. Ne3 Bf8 30. Na2 Nf4 31. Ba5 Qe7 32. Rb4 Rxb4 33. Nxb4 g6 34. Nc6 Qb7
35. Qc2 Kg7 36. Bc3 f6 37. Qb2 Qxb2 38. Bxb2 Kf7 39. Kf1 Ke8 40. Bc3 Kd7 41. Ba5
h5 42. h4 Bb7 43. g3 Nd3 44. Nd8 Bc8 45. Ne6 Be7 46. g4 hxg4 47. Nxg4 Nc5 48.
Nxc5+ dxc5 49. Ke2 Kd6 50. f3 f5 51. exf5 gxf5 52. Nf2 Bxh4 53. Nd3 e4 54. fxe4
fxe4 55. Nf2 Ke5 56. Bc3+ Kf4 57. Bd2+ Kf5 58. Nd1 Bd8 59. Ne3+ Ke5 60. Bc3+ Kd6
61. Nc2 Bf5 62. Na3 Bg5 63. Nc2 Bg4+ 64. Kf2 Bh5 65. Ba5 Bd1 66. Ne3 Bb3 67. Ke2
Bf6 68. Kd2 Bd4 69. Ke2 Kd7 70. Kd2 Be5 71. Ke2 Bf4 72. Bb6 Kd6 73. Ba5 Bg5 74.
Bb6 Ba2 75. Ba5 Bb1 76. Bb6 Bd3+ 77. Kf2 Bh4+ 78. Kg1 Bg5 79. Kf2 Bf4 80. Ba5
Kd7 81. Bb6 Bd6 82. Kg2 Kc8 83. Kf2 Kb7 84. Ba5 Bc7 85. Bc3 a5 86. d6 Bd8 87.
Nd5 Kc6 88. Nf6 Kxd6 89. Ke3 Bxf6 90. Bxf6 a4 91. Bb2 Ke6 92. Ba3 Ke5 93. Bxc5
Bxc4 94. Bd4+ Kd5 95. Bb2 Bd3 96. Kd2 Kc4 97. Kc1 e3 98. Kd1 Kd5 99. Kc1 Ke4
100. Bc3 Kd5 101. Kb2 Bc4 102. Be1 Ke4 103. Ba5 Kd3 104. Bb4 Ke2 105. Ba5 Kd1
106. Bb4 Ke2 107. Ba5 Bb3 108. Bb4 Kd3 109. Ba5 1/2-1/2

[Event "17th Asian Cities"]
[Site "Jakarta INA"]
[Date "2011.04.27"]
[Round "8.10"]
[White "Bajracharya, Rajendra"]
[Black "Bae, Jisoo"]
[Result "1-0"]
[WhiteElo "1989"]
[BlackElo "1481"]
[WhiteTeam "Kathmandu"]
[BlackTeam "Seoul"]
[WhiteFideId "12300241"]
[BlackFideId "13200828"]
[EventDate "2011.04.22"]

1. e4 Nf6 2. e5 Nd5 3. d4 d6 4. Nf3 g6 5. c3 Bg7 6. exd6 cxd6 7. Be2 O-O 8. O-O
Nc6 9. Na3 a6 10. Bd2 e5 11. Nc2 Bf5 12. Ne3 Nxe3 13. Bxe3 Re8 14. d5 Ne7 15.
Qb3 b5 16. a4 bxa4 17. Rxa4 Rb8 18. Qa2 Be4 19. Rxe4 a5 20. Ra4 Ra8 21. Ra1 Qb8
22. b4 e4 23. Nd4 Qb7 24. Rxa5 Rxa5 25. Qxa5 Nxd5 26. Bd2 Nc7 27. Qa7 Qxa7 28.
Rxa7 Nd5 29. Bc4 Nb6 30. Bxf7+ 1-0

[Event "17th Asian Cities"]
[Site "Jakarta INA"]
[Date "2011.04.27"]
[Round "8.11"]
[White "Jayamurthey, Pavitranayagi"]
[Black "Tan, Khai Boon"]
[Result "0-1"]
[WhiteElo "1676"]
[BlackElo "2150"]
[WhiteTeam "Putrajaya"]
[BlackTeam "Penang"]
[WhiteFideId "5708885"]
[BlackFideId "5701970"]
[EventDate "2011.04.22"]

1. e4 c5 2. Nf3 d6 3. d4 cxd4 4. Nxd4 Nf6 5. Nc3 a6 6. Be3 e6 7. Be2 Be7 8. Qd2
Qc7 9. f3 b5 10. Nb3 Bb7 11. O-O-O O-O 12. g4 Rc8 13. h4 b4 14. Nb1 a5 15. Nd4
d5 16. Nb5 Qc6 17. Na7 Rxa7 18. Bxa7 dxe4 19. g5 Nh5 20. Bxb8 e3 21. Qd3 Ba6 22.
Qe4 Qxe4 23. fxe4 Bxe2 24. Rd7 Bc5 25. Bh2 Bf3 26. Re1 Bxe4 27. a3 f5 28. Be5 f4
29. Bd4 Bxd4 30. Rxd4 Rxc2+ 31. Kd1 Rxb2 32. Nd2 Bc6 33. Nc4 Rb1+ 34. Kc2 Be4+
35. Rxe4 Rxe1 36. Rd4 b3+ 37. Kd3 Rd1+ 38. Ke4 Rxd4+ 39. Kxd4 e2 0-1

[Event "17th Asian Cities"]
[Site "Jakarta INA"]
[Date "2011.04.27"]
[Round "8.12"]
[White "Tsang, Hon Ki"]
[Black "Wong, Meng Kong"]
[Result "0-1"]
[BlackTitle "GM"]
[WhiteElo "2079"]
[BlackElo "2358"]
[WhiteTeam "Hongkong"]
[BlackTeam "Singapore"]
[WhiteFideId "6000185"]
[BlackFideId "5800030"]
[EventDate "2011.04.22"]

1. e4 c6 2. d4 d5 3. exd5 cxd5 4. c4 Nf6 5. Nc3 g6 6. Bg5 Bg7 7. Bxf6 Bxf6 8.
Nxd5 Bg7 9. Nf3 Nc6 10. Qd2 O-O 11. Ne3 Nxd4 12. Nxd4 Qxd4 13. Qxd4 Bxd4 14.
O-O-O e5 15. Rd2 Be6 16. Nc2 Bc5 17. Bd3 Rad8 18. Re1 Bxf2 19. Rxe5 Bg1 20. h3
Bh2 21. Ree2 Rxd3 22. Rxd3 Bxc4 23. Ne1 Bxd3 24. Nxd3 Rd8 25. Kc2 Kf8 26. b4 h5
27. Nc5 b6 28. Nd3 h4 29. Kc3 Rc8+ 30. Kb3 Bg1 31. b5 Bd4 32. Ne5 Rc3+ 33. Kb4
Bxe5 34. Rxe5 Rc2 35. a4 Rxg2 36. a5 bxa5+ 37. Kxa5 Ra2+ 38. Kb4 Rc2 39. Ka5 Rc7
40. Ka6 f6 41. Re6 Kf7 42. Rc6 Rd7 43. Rc8 Ke6 44. Ra8 Rd3 45. Rxa7 Rxh3 46. b6
Rb3 47. Rc7 Kd6 48. Rf7 Ke5 49. Rc7 h3 50. Rc5+ Kd4 51. Rc2 g5 52. b7 g4 53. Rf2
Ke5 54. Rc2 Rxb7 55. Kxb7 g3 56. Rc5+ Kd4 57. Rh5 0-1

[Event "17th Asian Cities"]
[Site "Jakarta INA"]
[Date "2011.04.27"]
[Round "8.12"]
[White "Iskandar, Bin Abdullah"]
[Black "Lee, T H Bryan"]
[Result "1-0"]
[WhiteElo "1876"]
[BlackElo "1964"]
[WhiteTeam "Singapore"]
[BlackTeam "Hongkong"]
[WhiteFideId "5802105"]
[BlackFideId "6000584"]
[EventDate "2011.04.22"]

1. d4 Nf6 2. c4 g6 3. Nc3 Bg7 4. e4 d6 5. f3 O-O 6. Be3 e5 7. Nge2 Nc6 8. d5 Ne7
9. Qd2 Ne8 10. Nc1 f5 11. Nd3 Nf6 12. Be2 Rf7 13. O-O-O a6 14. Kb1 Bd7 15. Rhg1
Qb8 16. g4 f4 17. Bf2 Bf8 18. c5 b5 19. c6 Be8 20. b4 Bg7 21. Kc2 Kh8 22. Ra1
Bxc6 23. dxc6 Nxc6 24. Rgb1 Nd7 25. Nd5 Ne7 26. Nxe7 Rxe7 27. Rc1 Qb7 28. Kd1
Nb6 29. Nb2 Rd7 30. Ke1 Rad8 31. Qc2 d5 32. Rd1 c6 33. Rac1 Nc4 34. Nxc4 bxc4
35. Bc5 Bf6 36. Qc3 Qb5 37. g5 Bg7 38. Bf1 Kg8 39. Bh3 Rb7 40. Be6+ Kh8 41. exd5
e4 42. Qxc4 exf3 43. Qxb5 cxb5 44. Kf2 h6 45. h4 Be5 46. Bd4 Bxd4+ 47. Rxd4 Re7
48. Rxf4 hxg5 49. hxg5 Rh7 50. Kxf3 1-0

[Event "17th Asian Cities"]
[Site "Jakarta INA"]
[Date "2011.04.27"]
[Round "8.12"]
[White "Kuan, Julian"]
[Black "Tan, Tze Lin Tommy"]
[Result "1-0"]
[WhiteElo "1768"]
[BlackElo "1704"]
[WhiteTeam "Hongkong"]
[BlackTeam "Singapore"]
[WhiteFideId "6001025"]
[BlackFideId "5805295"]
[EventDate "2011.04.22"]

1. e4 c5 2. Nf3 d6 3. d4 cxd4 4. Nxd4 a6 5. Nc3 e6 6. Bc4 b5 7. Bb3 Bb7 8. O-O
b4 9. Na4 Bxe4 10. Re1 d5 11. Bf4 Nf6 12. f3 Bg6 13. Rxe6+ Be7 14. Re1 O-O 15.
Bxb8 Rxb8 16. Nc6 Qc7 17. Nxe7+ Kh8 18. Nxg6+ hxg6 19. Qd4 Rfd8 20. c3 bxc3 21.
Nxc3 a5 22. Rad1 Rb4 23. Qf2 d4 24. Ne4 Kg8 25. Nxf6+ gxf6 26. Rc1 Qd6 27. Qg3
Qb6 28. Qxg6+ Kh8 29. Qh5+ Kg7 30. Qxf7+ Kh6 31. Re6 Qb7 32. Rxf6+ Kg5 33. Qg6+ 1-0

[Event "17th Asian Cities"]
[Site "Jakarta INA"]
[Date "2011.04.28"]
[Round "9.1"]
[White "Wynn Zaw Htun"]
[Black "Wan, Yunguo"]
[Result "1/2-1/2"]
[WhiteTitle "IM"]
[WhiteElo "2382"]
[BlackElo "2458"]
[WhiteTeam "Yangon"]
[BlackTeam "Shi Jiazhuang"]
[WhiteFideId "13002783"]
[BlackFideId "8603189"]
[EventDate "2011.04.22"]

1. Nf3 Nf6 2. g3 g6 3. Bg2 Bg7 4. O-O O-O 5. c4 c6 6. Qc2 d5 7. b3 d4 8. Bb2 c5
9. b4 Nc6 10. bxc5 Nd7 11. d3 Nxc5 12. Nbd2 a5 13. Ba3 Nb4 14. Bxb4 axb4 15.
Rfb1 Ra4 16. a3 Rxa3 17. Rxa3 bxa3 18. Ra1 e5 19. Rxa3 Bd7 20. Nb3 Na4 21. Nfd2
Qc7 22. Nxd4 exd4 23. Rxa4 Bxa4 24. Qxa4 Qe5 25. Bf3 b6 26. Nb3 Qd6 27. Bd5 Qe7
28. Bf3 Rd8 29. Kf1 Bf8 30. Bd5 Qe5 31. Qc6 Bc5 32. Nxc5 bxc5 33. Qxc5 Re8 34.
Kg2 Kg7 35. Qb6 Qf6 36. Qb7 Qe5 37. Bf3 Re7 38. Qb6 Rc7 39. Qb2 Re7 1/2-1/2

[Event "17th Asian Cities"]
[Site "Jakarta INA"]
[Date "2011.04.28"]
[Round "9.1"]
[White "Wang, Rui"]
[Black "Zaw Oo"]
[Result "1-0"]
[WhiteTitle "GM"]
[BlackTitle "FM"]
[WhiteElo "2437"]
[BlackElo "2291"]
[WhiteTeam "Shi Jiazhuang"]
[BlackTeam "Yangon"]
[WhiteFideId "8601003"]
[BlackFideId "13000195"]
[EventDate "2011.04.22"]

1. d4 Nf6 2. c4 g6 3. Nf3 Bg7 4. g3 c6 5. Bg2 O-O 6. O-O d5 7. b3 Ne4 8. Bb2 Nd7
9. e3 e6 10. Qe2 Re8 11. Rd1 Qc7 12. Na3 Qb8 13. Ne1 f5 14. Nd3 a6 15. Nb1 Bf6
16. f3 Nd6 17. Nd2 Qa7 18. c5 Nf7 19. f4 Bg7 20. Bc3 Nf6 21. Ba5 Qb8 22. Nb2 Bd7
23. Na4 Rf8 24. Nf3 Qe8 25. Ne5 Qe7 26. Nxf7 Rxf7 27. Bc7 Re8 28. Qd2 Bc8 29.
Be5 Nd7 30. Bd6 Qd8 31. Rac1 Bf8 32. Bxf8 Rexf8 33. Rc2 Rg7 34. h4 h5 35. Bf3
Kh7 36. Kg2 Kh6 37. Rb1 Rgg8 38. Rbc1 Rg7 39. Nb2 Nf6 40. Nd3 Bd7 41. b4 Be8 42.
a4 Kh7 43. Rb2 Qc7 44. Qe1 Qd8 45. Nf2 Kg8 46. Be2 Rc7 47. b5 axb5 48. axb5 Rc8
49. b6 Rb8 50. Bf3 Bf7 51. Ra1 Qc8 52. Ra7 Rd8 53. Rba2 Be8 54. Qa1 Bf7 55. Nd3
Nd7 56. Bd1 Be8 57. Nb4 Bf7 58. R2a5 Rf8 59. Qa3 Nf6 60. Nd3 Nd7 61. Ba4 Be8 62.
Qa1 Bf7 63. Nb4 Be8 64. Bxc6 Nxc5 65. Rxc5 Bxc6 66. Nxc6 bxc6 67. Rc7 Qd8 68.
Qa7 Qf6 69. R5xc6 Ra8 70. Qxa8 Rxa8 1-0

[Event "17th Asian Cities"]
[Site "Jakarta INA"]
[Date "2011.04.28"]
[Round "9.2"]
[White "Pourkashiyan, Atousa"]
[Black "Kazhgaleyev, Murtas"]
[Result "1/2-1/2"]
[WhiteTitle "WGM"]
[BlackTitle "GM"]
[WhiteElo "2371"]
[BlackElo "2618"]
[WhiteTeam "Mashhad"]
[BlackTeam "Astana"]
[WhiteFideId "12502014"]
[BlackFideId "13700316"]
[EventDate "2011.04.22"]

1. e4 e5 2. Nf3 Nc6 3. Bb5 a6 4. Ba4 Nf6 5. O-O b5 6. Bb3 Bc5 7. c3 d6 8. h3 O-O
9. d4 Bb6 10. a4 Bb7 11. Bg5 h6 12. Bxf6 Qxf6 13. Bd5 Rab8 14. axb5 axb5 15.
dxe5 Nxe5 16. Nxe5 Qxe5 17. Bxb7 Rxb7 18. Nd2 Rbb8 19. Qc2 f5 20. Rae1 fxe4 21.
Rxe4 Qh5 22. Nf3 Rf6 23. Nd4 Rbf8 24. Qe2 Qd5 25. Re8 Bxd4 26. cxd4 Rxe8 27.
Qxe8+ Kh7 28. Qe3 Rg6 29. g3 Qf5 30. h4 Re6 31. Qc3 Re7 32. Re1 Rxe1+ 33. Qxe1
Qd3 34. Qe6 b4 35. d5 b3 36. Kg2 h5 37. Qf7 Kh6 38. Qf4+ Kh7 39. Qf7 Kh6 40.
Qf4+ Kh7 1/2-1/2

[Event "17th Asian Cities"]
[Site "Jakarta INA"]
[Date "2011.04.28"]
[Round "9.2"]
[White "Khademalsharieh, Sarasadat"]
[Black "Ismagambetov, Anuar"]
[Result "1/2-1/2"]
[WhiteTitle "WFM"]
[BlackTitle "GM"]
[WhiteElo "2137"]
[BlackElo "2496"]
[WhiteTeam "Mashhad"]
[BlackTeam "Astana"]
[WhiteFideId "12512214"]
[BlackFideId "13701525"]
[EventDate "2011.04.22"]

1. d4 e6 2. Nf3 c5 3. e3 Nf6 4. Bd3 cxd4 5. exd4 b6 6. O-O Bb7 7. Re1 Be7 8. Bg5
O-O 9. Nbd2 d6 10. c3 Nbd7 11. a4 a5 12. Qe2 Re8 13. Bb5 Qc7 14. Qc4 Qd8 15. Qd3
h6 16. Bxf6 Bxf6 17. Nc4 Bd5 18. Nxd6 Rf8 19. Nc4 Qc7 20. Nce5 Nxe5 21. Nxe5
Rfd8 22. Qg3 Qe7 23. Nc6 Bxc6 24. Bxc6 Rac8 25. Be4 Qd7 26. Qd3 Rc7 27. Qb5 Qxb5
28. axb5 e5 29. dxe5 Bxe5 30. Bc6 Bf6 31. Rad1 Rcc8 32. Kf1 Kf8 1/2-1/2

[Event "17th Asian Cities"]
[Site "Jakarta INA"]
[Date "2011.04.28"]
[Round "9.2"]
[White "Kuderinov, Kirill"]
[Black "Alavi, Homa"]
[Result "1-0"]
[WhiteTitle "IM"]
[WhiteElo "2480"]
[BlackElo "2008"]
[WhiteTeam "Astana"]
[BlackTeam "Mashhad"]
[WhiteFideId "13701568"]
[BlackFideId "12507547"]
[EventDate "2011.04.22"]

1. e4 c5 2. Nc3 Nc6 3. Bc4 e6 4. f4 d6 5. Nf3 Nf6 6. d3 d5 7. Bb5 dxe4 8. Ne5
Bd7 9. Bxc6 Bxc6 10. Nxc6 bxc6 11. dxe4 Qxd1+ 12. Kxd1 c4 13. Ke2 Bb4 14. Kf3
Ke7 15. Be3 Rhd8 16. Rhd1 Nd7 17. Na4 e5 18. g3 f6 19. h4 Ba5 20. h5 Bb6 21.
Rxd7+ Rxd7 22. Bxb6 Rd2 23. Bc5+ Ke6 24. Bb4 Rxc2 25. Rd1 Rb8 26. Rd6+ Ke7 27.
Ba3 Ke8 28. fxe5 fxe5 29. Rxc6 Rd8 30. Nc3 Rd3+ 31. Kg4 Rg2 32. Kf5 Kd7 33. Ra6
Rgxg3 34. Nd5 Rh3 35. Rxa7+ Kc8 36. Kxe5 Rxh5+ 37. Kd6 Rh6+ 38. Kc5 Rd1 39. Rxg7
Rh4 40. Kc6 Rh6+ 41. Bd6 1-0

[Event "17th Asian Cities"]
[Site "Jakarta INA"]
[Date "2011.04.28"]
[Round "9.3"]
[White "Antonio, Rogelio Jr"]
[Black "Moradiabadi, Elshan"]
[Result "1/2-1/2"]
[WhiteTitle "GM"]
[BlackTitle "GM"]
[WhiteElo "2589"]
[BlackElo "2537"]
[WhiteTeam "Tagaytay"]
[BlackTeam "Tehran"]
[WhiteFideId "5200032"]
[BlackFideId "12501255"]
[EventDate "2011.04.22"]

1. e4 e5 2. Nf3 Nc6 3. Nc3 Nf6 4. d4 exd4 5. Nxd4 Bb4 6. Nxc6 bxc6 7. Bd3 d5 8.
exd5 cxd5 9. O-O O-O 10. Bg5 c6 11. Qf3 h6 12. Bxf6 Qxf6 13. Qxf6 gxf6 14. Ne2
Bd6 15. b3 a5 16. a4 Re8 17. Ng3 Bd7 18. Rae1 Bb4 19. Rxe8+ Rxe8 20. Nf5 Bxf5
21. Bxf5 c5 22. Bd3 Kf8 23. g3 Re1 24. Rxe1 Bxe1 25. c4 dxc4 26. Bxc4 f5 27. f4
Ke7 28. Kg2 Bc3 29. Kf3 Kf6 30. h3 Be1 31. g4 fxg4+ 32. hxg4 1/2-1/2

[Event "17th Asian Cities"]
[Site "Jakarta INA"]
[Date "2011.04.28"]
[Round "9.3"]
[White "Mahjoob, Morteza"]
[Black "Gomez, John Paul"]
[Result "1/2-1/2"]
[WhiteTitle "GM"]
[BlackTitle "GM"]
[WhiteElo "2487"]
[BlackElo "2538"]
[WhiteTeam "Tehran"]
[BlackTeam "Tagaytay"]
[WhiteFideId "12500798"]
[BlackFideId "5201381"]
[EventDate "2011.04.22"]

1. e4 e5 2. Nf3 Nc6 3. Bb5 a6 4. Ba4 Nf6 5. O-O Be7 6. Re1 b5 7. Bb3 d6 8. c3
O-O 9. h3 Re8 10. d3 Bb7 11. Ng5 Rf8 12. Nf3 Re8 13. Ng5 Rf8 14. Nf3 Re8 15. Ng5 1/2-1/2

[Event "17th Asian Cities"]
[Site "Jakarta INA"]
[Date "2011.04.28"]
[Round "9.3"]
[White "Laylo, Darwin"]
[Black "Golizadeh, Asghar"]
[Result "1/2-1/2"]
[WhiteTitle "GM"]
[BlackTitle "IM"]
[WhiteElo "2516"]
[BlackElo "2492"]
[WhiteTeam "Tagaytay"]
[BlackTeam "Tehran"]
[WhiteFideId "5201330"]
[BlackFideId "12505269"]
[EventDate "2011.04.22"]

1. Nf3 Nf6 2. g3 g6 3. Bg2 Bg7 4. O-O c5 5. c3 d5 6. d4 cxd4 7. cxd4 Nc6 8. Nc3
O-O 9. b3 Ne4 10. Bb2 Bf5 11. Rc1 Nxc3 12. Bxc3 Be4 13. e3 a5 14. Ne5 Nxe5 15.
dxe5 Bxg2 16. Kxg2 Qd7 17. Bd4 a4 18. Qd3 Rfc8 19. Rfd1 e6 20. Rxc8+ Rxc8 21.
bxa4 Qxa4 22. Qb3 Ra8 23. Qxa4 Rxa4 24. Rb1 Rxa2 25. Rxb7 Ra8 26. h4 h6 27. Rd7
Rc8 28. g4 Bf8 29. Kg3 Bc5 30. Bxc5 Rxc5 31. f4 Rc1 1/2-1/2

[Event "17th Asian Cities"]
[Site "Jakarta INA"]
[Date "2011.04.28"]
[Round "9.4"]
[White "Battulga, Namkhai"]
[Black "Barus, Cerdas"]
[Result "1/2-1/2"]
[WhiteTitle "FM"]
[BlackTitle "GM"]
[WhiteElo "2420"]
[BlackElo "2443"]
[WhiteTeam "Erdenet"]
[BlackTeam "Jakarta"]
[WhiteFideId "4900880"]
[BlackFideId "7100094"]
[EventDate "2011.04.22"]

1. e4 e5 2. Nf3 Nc6 3. Bc4 Bc5 4. c3 Nf6 5. d4 exd4 6. cxd4 Bb4+ 7. Bd2 Bxd2+ 8.
Nbxd2 d5 9. exd5 Nxd5 10. Qb3 Nce7 11. O-O O-O 12. Rfe1 c6 13. a4 Rb8 14. Ne4
Nb6 15. Bd3 Be6 16. Qa3 Ng6 17. a5 Nd7 18. Nfg5 Bd5 19. Qd6 Re8 20. Qg3 Ndf8 21.
h4 h6 22. h5 hxg5 23. hxg6 Nxg6 24. Nxg5 Nf8 25. Re3 f6 26. Nh3 Bf7 27. Qh4 Rxe3
28. fxe3 c5 29. Bf5 cxd4 30. exd4 Qd5 31. Qf2 Rd8 32. a6 b6 33. Rc1 Qb5 34. Rc7
Qxa6 35. Ng5 fxg5 36. Bh7+ Kxh7 37. Qxf7 Rd7 38. Rxd7 Nxd7 39. Qxd7 Qd3 40. d5
Qe3+ 41. Kh2 Qf4+ 42. g3 Qf3 43. Qh3+ Kg6 44. Qe6+ Qf6 45. Qe4+ Kf7 46. b4 g6
47. Qc4 Qf2+ 48. Kh3 Qf5+ 49. Kg2 g4 50. Qc7+ Kf6 51. Qd8+ Kf7 1/2-1/2

[Event "17th Asian Cities"]
[Site "Jakarta INA"]
[Date "2011.04.28"]
[Round "9.4"]
[White "Purnama, Tirta Chandra"]
[Black "Ganbold, Choidog"]
[Result "1-0"]
[WhiteTitle "IM"]
[WhiteElo "2404"]
[BlackElo "2196"]
[WhiteTeam "Jakarta"]
[BlackTeam "Erdenet"]
[WhiteFideId "7101422"]
[BlackFideId "4900480"]
[EventDate "2011.04.22"]

1. d4 d5 2. Nf3 e6 3. c4 Nf6 4. Nc3 Bb4 5. Bg5 O-O 6. e3 c6 7. Qc2 Nbd7 8. Bd3
h6 9. Bh4 c5 10. cxd5 exd5 11. O-O c4 12. Bh7+ Kh8 13. Nxd5 Qa5 14. Nxb4 Nxh7
15. Qxc4 f5 16. Be7 Re8 17. Qf7 Ndf6 18. Rfc1 Bd7 19. Nd3 Ng8 20. Bb4 Qb5 21.
Nde5 Nhf6 22. Bf8 Rxf8 23. Ng6+ Kh7 24. Nxf8+ Kh8 25. Ne5 1-0

[Event "17th Asian Cities"]
[Site "Jakarta INA"]
[Date "2011.04.28"]
[Round "9.5"]
[White "Omar, Noaman"]
[Black "Hamdani, Rudin"]
[Result "1-0"]
[BlackTitle "FM"]
[WhiteElo "2253"]
[BlackElo "2368"]
[WhiteTeam "Sharjah"]
[BlackTeam "Palembang"]
[WhiteFideId "9300244"]
[BlackFideId "7100213"]
[EventDate "2011.04.22"]

1. d4 Nf6 2. c4 e6 3. Nf3 b6 4. g3 Ba6 5. Qc2 Bb7 6. Bg2 Bb4+ 7. Bd2 a5 8. O-O
Be7 9. Nc3 d5 10. Ne5 O-O 11. Rfd1 c6 12. e4 dxc4 13. Nxc4 b5 14. e5 Nd5 15. Ne3
Qb6 16. a4 b4 17. Ne2 Nd7 18. Nc4 Qc7 19. Rac1 Rfd8 20. Be4 h6 21. Ne3 Nxe3 22.
Bxe3 Rac8 23. b3 c5 24. dxc5 Bxe4 25. Qxe4 Nxc5 26. Rxd8+ Rxd8 27. Qc4 Qb7 28.
Bxc5 Rc8 29. Qd4 Bxc5 30. Rxc5 Rxc5 31. Qxc5 Qd5 32. Qe3 1-0

[Event "17th Asian Cities"]
[Site "Jakarta INA"]
[Date "2011.04.28"]
[Round "9.5"]
[White "Halay, Taufik"]
[Black "Abdulkarim, Ali"]
[Result "1-0"]
[WhiteTitle "IM"]
[WhiteElo "2346"]
[BlackElo "1898"]
[WhiteTeam "Palembang"]
[BlackTeam "Sharjah"]
[WhiteFideId "7101392"]
[BlackFideId "9301640"]
[EventDate "2011.04.22"]

1. d4 e6 2. c4 b6 3. Nc3 Bb7 4. e4 Bb4 5. Bd3 f5 6. Qh5+ Kf8 7. Qe2 Nf6 8. f3
fxe4 9. fxe4 Bxc3+ 10. bxc3 Nxe4 11. Nf3 Nf6 12. O-O Qe7 13. Ne5 Ke8 14. Bg5 d6
15. Bxf6 gxf6 16. Qh5+ Kf8 17. Ng6+ hxg6 18. Qxh8+ Kf7 19. Qh7+ Kf8 20. Qh6+ Kg8
21. Qxg6+ Qg7 22. Qe8+ 1-0

[Event "17th Asian Cities"]
[Site "Jakarta INA"]
[Date "2011.04.28"]
[Round "9.5"]
[White "Saud, Mohamed"]
[Black "Kasmiran"]
[Result "0-1"]
[BlackTitle "FM"]
[WhiteElo "2087"]
[BlackElo "2346"]
[WhiteTeam "Sharjah"]
[BlackTeam "Palembang"]
[WhiteFideId "9300457"]
[BlackFideId "7100620"]
[EventDate "2011.04.22"]

1. d4 c5 2. e3 Nf6 3. Nf3 g6 4. Be2 Bg7 5. O-O O-O 6. b3 d5 7. Bb2 Ne4 8. Nbd2
Nc6 9. c4 cxd4 10. exd4 Bf5 11. Nxe4 dxe4 12. Ne5 Nxe5 13. dxe5 Qc7 14. f4 exf3
15. Bxf3 Rad8 16. Qe1 b5 17. cxb5 Bd3 18. Rf2 Bxb5 19. Kh1 Qb6 20. Rd2 Rxd2 21.
Qxd2 Rd8 22. Qb4 Qf2 23. Bc3 Qc2 24. Re1 e6 25. Qxb5 Qxc3 26. Rf1 Bxe5 27. Be2
Qd4 28. Qb7 Rd7 29. Qa8+ Kg7 30. Qf3 Bc7 31. a4 Qe5 32. g3 f5 33. Bc4 Rd2 34.
Qc6 Rxh2+ 0-1

[Event "17th Asian Cities"]
[Site "Jakarta INA"]
[Date "2011.04.28"]
[Round "9.5"]
[White "Kaisar, Jenius Hakiki"]
[Black "Walid, Anwar"]
[Result "1-0"]
[WhiteElo "2251"]
[BlackElo "1775"]
[WhiteTeam "Palembang"]
[BlackTeam "Sharjah"]
[WhiteFideId "7102097"]
[BlackFideId "9302271"]
[EventDate "2011.04.22"]

1. e4 c6 2. c4 d5 3. exd5 cxd5 4. d4 Nf6 5. Nc3 Nc6 6. Nf3 e6 7. cxd5 Nxd5 8.
Bb5 Bb4 9. Bd2 O-O 10. O-O Nce7 11. Bd3 Bd6 12. Re1 h6 13. Rc1 b6 14. Bb1 Nf4
15. Qc2 Nfg6 16. h4 Re8 17. h5 Nf8 18. Ne5 Bb7 19. Ne4 Rc8 20. Bc3 Bb8 21. Qe2
Nf5 22. Rcd1 Nd6 23. Nxd6 Bxd6 24. Be4 Bxe4 25. Qxe4 Nd7 26. Nxd7 Qxd7 27. Re3
Red8 28. Kf1 Qb5+ 29. Rdd3 Qxh5 30. Rh3 Qg5 31. Bd2 Qd5 32. Qg4 Kh7 33. Bxh6 g6
34. Bg5+ Kg7 35. Qh4 1-0

[Event "17th Asian Cities"]
[Site "Jakarta INA"]
[Date "2011.04.28"]
[Round "9.6"]
[White "Tandukar, Naveen"]
[Black "Sanjay, N."]
[Result "0-1"]
[WhiteElo "1978"]
[BlackElo "2335"]
[WhiteTeam "Kathmandu"]
[BlackTeam "Bangalore"]
[WhiteFideId "5021189"]
[BlackFideId "5003075"]
[EventDate "2011.04.22"]

1. e4 c5 2. Nc3 g6 3. g3 Bg7 4. Bg2 Nc6 5. d3 d6 6. Nge2 Nf6 7. h3 O-O 8. Be3
Rb8 9. f4 Bd7 10. O-O b5 11. Qd2 b4 12. Nd1 Qb6 13. Kh2 a5 14. Bg1 Ne8 15. Ne3
Nc7 16. Rab1 f5 17. Nc4 Qa6 18. e5 dxe5 19. Bxc5 e4 20. b3 Be6 21. Qe1 Rfd8 22.
Rd1 exd3 23. cxd3 Bd5 24. Qf2 Nb5 25. d4 Bxg2 26. Kxg2 Nc7 27. Ng1 Nd5 28. Nf3
Nc3 29. Rde1 Ne4 30. Qe3 Qc8 31. Rd1 Qe6 32. Rfe1 Qf7 33. Nfe5 Bxe5 34. dxe5 Rd5
35. Bb6 Rb7 36. Qf3 Rbd7 37. Be3 Nc3 38. Ra1 Qe6 39. a3 Rd3 40. axb4 a4 41. Nb2
Rd2+ 42. Bxd2 Rxd2+ 43. Kg1 Ne4 44. Nc4 Nd4 45. Qe3 Nc2 46. Qa7 Rd3 47. Rxe4
fxe4 48. Rxa4 Rxg3+ 49. Kf2 Qxh3 0-1